000 01556nam a2200397 i 4500
003 CO-BoRNBP
005 20230511154024.0
007 ta
008 211109s2020 ck |er ||| 00| 0 spa d
020 _a9789585105584
040 _aCO-BoRNBP
_bspa
_erda
_cCO-BoRNBP
041 0 _aspa
082 0 4 _a028
_bC17l
_222
100 1 _aCastrillón, Silvia
_d1942-
_eautora
_91946
245 1 3 _aLa lectura, la escritura y la oralidad
_bel derecho a la cultura escrita
_ctexto elaborado por Silvia Castrillón ; colaboración de Paola Roa
250 _aEdición especial
250 _aPrimera edición
264 1 _aBogotá, Colombia
_bBiblioteca Nacional de Colombia
_bMinisterio de Cultura
_c2020
300 _a29 páginas
_c27 cm
336 _atexto
_btxt
_2rdacontent
337 _asin mediación
_bn
_2rdamedia
338 _avolumen
_bnc
_2rdacarrier
490 0 _aPlan Nacional de Lectura y Escritura Leer es mi Cuento / Ministerio de Cultura
490 0 _aColección Guías para Planes Locales de Lectura, Escritura y Oralidad
490 0 _aSerie Fundamentos
_v1
504 _aIncluye referencias bibliográficas
521 _aRecomendado para un público adulto
650 1 7 _aLectura
_vGuías
_2LEMB
_91940
650 1 7 _aEscritura
_vGuías
_2LEMB
_91941
650 1 7 _aPromoción de la lectura
_vGuías
_2LEMB
_91919
650 1 7 _aPolíticas de lectura
_vGuías
_2LEMB
_91947
650 1 7 _aLibros y lectura
_vGuías
_2LEMB
_91948
650 1 7 _aBibliotecas públicas
_vGuías
_2LEMB
_91920
700 1 _aRoa, Paola Isabel
_ecolaboradora
_9319
942 _2ddc
_cBK
999 _c9522
_d9522